|
|
|
|
| LEADER |
00000naa2a2200000 4500 |
| 001 |
399847 |
| 005 |
20231101065308.0 |
| 035 |
|
|
|a (RuTPU)RU\TPU\prd\41588
|
| 035 |
|
|
|a RU\TPU\prd\41587
|
| 090 |
|
|
|a 399847
|
| 100 |
|
|
|a 20060222a2005 k y0rusy50 ca
|
| 101 |
0 |
|
|a rus
|
| 102 |
|
|
|a RU
|
| 200 |
1 |
|
|a Виртуальное справочно-информационное обслуживание
|e (По материалам англоязычной печати 2000-2004 г.г.)
|f И. Ю. Багрова
|
| 225 |
1 |
|
|a Информатизация - Ресурсы - Технологии
|i Ресурсы и технологии
|
| 320 |
|
|
|a Библиогр.: 34 назв.
|
| 461 |
|
0 |
|0 (RuTPU)RU\TPU\prd\1339
|x 0869-608X
|t Библиотековедение
|o журнал
|d 1993-
|
| 463 |
|
0 |
|0 (RuTPU)RU\TPU\prd\41491
|t № 6
|v С. 42-49
|d 2005
|
| 610 |
1 |
|
|a справочно-информационное обслуживание
|
| 610 |
1 |
|
|a виртуальное обслуживание
|
| 610 |
1 |
|
|a терминология
|
| 610 |
1 |
|
|a модели виртуального обслуживания
|
| 610 |
1 |
|
|a пользователи
|
| 610 |
1 |
|
|a национальные библиотеки
|
| 610 |
1 |
|
|a страны мира
|
| 700 |
|
1 |
|a Багрова
|b И. Ю.
|g Ирина Юрьевна
|
| 801 |
|
1 |
|a RU
|b 63413507
|c 20060222
|g PSBO
|
| 801 |
|
2 |
|a RU
|b 63413507
|c 20060222
|g PSBO
|
| 942 |
|
|
|c BK
|